Top 100 Baby Boy Names In Canada By Decade - Statistics

General Stats
  • This quiz has been taken 284 times
  • The average score is 70 of 100
Answer Stats
2022 % Correct
John
92%
Daniel
88%
William
88%
Jack
85%
James
85%
Thomas
82%
David
81%
David
79%
Alexander
78%
Robert
78%
Christopher
77%
Liam
76%
Andrew
75%
Matthew
75%
Michael
75%
George
74%
Mark
74%
Noah
73%
Oliver
73%
Benjamin
72%
Charles
72%
Jacob
72%
Richard
71%
Samuel
68%
Lucas
65%
Ryan
64%
Jason
63%
Justin
61%
Joshua
60%
Jackson
59%
Ethan
58%
Brian
57%
Donald
56%
Nathan
56%
Leo
50%
Ronald
50%
Joesph
48%
Brandon
46%
Gary
46%
Tyler
46%
Aiden
43%
Theo
42%
Jeffrey
39%
Logan
39%
Daniel
32%
Michael
27%
Nicholas
25%
No matching quizzes found
Score Distribution
Percent of People with Each Score
Percentile by Number Answered
Your Score History
You have not taken this quiz